|
|
|
|
| LEADER |
00000nam0a2200000 4500 |
| 001 |
80589 |
| 005 |
20231031094657.0 |
| 035 |
|
|
|a (RuTPU)RU\TPU\book\86619
|
| 090 |
|
|
|a 80589
|
| 100 |
|
|
|a 20050907d1971 m y0rusy50 ca
|
| 101 |
0 |
|
|a rus
|
| 102 |
|
|
|a RU
|
| 105 |
|
|
|a y n 001zy
|
| 200 |
1 |
|
|a Сборник законов СССР и указов Президиума Верховного Совета СССР: 1968 -1970
|h Т. 3
|
| 210 |
|
|
|a Москва
|c Известия Советов депутатов трудящихся СССР
|d 1971
|
| 215 |
|
|
|a 602 с.
|
| 320 |
|
|
|a Хронологический перечень законодательных актов СССР, помещенных в настоящем томе: с. 561 - 573.
|
| 320 |
|
|
|a Алф.-предм. указ.: с. 574 - 602.
|
| 430 |
|
1 |
|0 (RuTPU)RU\TPU\book\86543
|t Сборник законов СССР
|o в 2 т.
|c М.
|n Известия Советов депутатов трудящихся СССР
|d 1968 -
|
| 610 |
1 |
|
|a Конституция СССР
|
| 610 |
1 |
|
|a органы государственной власти
|
| 610 |
1 |
|
|a органы государственного управления
|
| 610 |
1 |
|
|a народное хозяйство
|
| 610 |
1 |
|
|a здравоохранение
|
| 610 |
1 |
|
|a международное сотрудничество
|
| 610 |
1 |
|
|a международные Ленинские премии
|
| 610 |
1 |
|
|a оборона СССР
|
| 610 |
1 |
|
|a награды
|
| 610 |
1 |
|
|a трудовое право
|
| 610 |
1 |
|
|a финансовое право
|
| 610 |
1 |
|
|a земельное законодательство
|
| 610 |
1 |
|
|a водное законодательство
|
| 610 |
1 |
|
|a гражданское право
|
| 610 |
1 |
|
|a брачно-семейное право
|
| 610 |
1 |
|
|a уголовное право
|
| 610 |
1 |
|
|a исправительно-трудовое право
|
| 610 |
1 |
|
|a судоустройство
|
| 610 |
1 |
|
|a судопроизводство
|
| 610 |
1 |
|
|a прокуратура
|
| 610 |
1 |
|
|a административная ответственность
|
| 610 |
1 |
|
|a СССР
|
| 610 |
1 |
|
|a законы
|
| 610 |
1 |
|
|a указы
|
| 610 |
1 |
|
|a постановления
|
| 610 |
1 |
|
|a сборники
|
| 610 |
1 |
|
|a управление
|
| 686 |
|
|
|a Х
|v LBC/SL-A
|2 rubbk
|
| 801 |
|
1 |
|a RU
|b 63413507
|c 20050907
|g PSBO
|
| 801 |
|
2 |
|a RU
|b 63413507
|c 20190205
|g PSBO
|
| 942 |
|
|
|c BK
|